Los Jiráfidos fósiles de España / por Miguel Crusafont Pairó
Descripción Física:
239 p., [47] f. de làm. ; 25 cm
Materias:
Paleontologia -- Espanya
MARC
| LEADER | 00000nam a2200000Ia 4500 | ||
|---|---|---|---|
| 001 | 7964 | ||
| 008 | 160829s1952 xx 000 0 cat d | ||
| 080 | |a C-1-181 | ||
| 100 | |a Crusafont Pairó, Miquel |9 28313 | ||
| 245 | |a Los Jiráfidos fósiles de España / por Miguel Crusafont Pairó | ||
| 260 | |a Barcelona : |b Consejo Superior de Investigaciones Científicas, |c 1952 | ||
| 300 | |a 239 p., [47] f. de làm. ; |c 25 cm | ||
| 490 | |a Memoria y Comunicaciones del Instituto Geológico ; 8 | ||
| 590 | |a A la part superior de la portada: Diputación Provincial de Barcelona. | ||
| 650 | |a Paleontologia |x Espanya |9 28314 | ||
| 710 | 1 | |a Barcelona (Catalunya : Província). |b Diputació |9 52408 | |
| 710 | 2 | |a Consejo Superior de Investigaciones Científicas (CSIC) (Espanya) |9 53988 | |
| 901 | |a Arxiu | ||
| 942 | |n 1 | ||
| 952 | |0 0 |1 0 |4 0 |6 C1181 |7 1 |9 44777 |a Arxiu |b Arxiu |d 2016-12-01 |l 0 |o C-1-181 |p 7964 |r 2016-12-01 00:00:00 |w 2016-12-01 |y ARXIU | ||
| 999 | |c 47360 |d 47360 | ||